000
00251nam a2200097Ia 4500
005
20250424112910.0
008
250424s9999 xx 000 0 und d
300
_a
200 p. :ill. 24 cm
650
_a
Management--Research--Nigeria--Periodicals.
942
_c
SR
999
_c
37766
_d
37766